000 00909nam a2200265Ia 4500
003 OSt
005 20210414114822.0
008 210310s1995 ck ad gr 000 0 spa d
020 _a0
040 _aCO-JMCR
_cCO-JMCR
041 0 _aspa
082 0 4 _a658.562 /
_bI59g
_223
110 2 _aInstituto Colombiano de Normas Técnicas y Certificación.
_eautor
_92169
245 1 0 _aGuía sobre economía de la calidad :
_bparte 1. Modelo de costos del proceso /
_cIcontec
260 _aBogotá :
_bIcontec,
_c1995.
300 _a25 páginas :
_bilustraciones en blanco y negro ;
_c30 cm.
490 0 _aNorma técnica colombiana
500 _aNorma técnica Colombiana.
650 1 4 _aCostos de calidad.
_925669
650 2 4 _aEvaluación de costos.
_936807
650 2 4 _aControl de calidad.
_911331
650 2 4 _aEconomía de la calidad.
_936808
650 2 4 _aCostos de procesos.
_936809
942 _2ddc
_cBK
999 _c11490
_d11490